| 000 | 01204nam a2200277Ia 4500 | ||
|---|---|---|---|
| 999 |
_c55769 _d55769 |
||
| 001 | 22866 | ||
| 003 | GE_BSU | ||
| 005 | 20230525163812.0 | ||
| 008 | 181216s ||||ge |||||||||||||| ||geo|| | ||
| 020 | _a9789941801488 | ||
| 040 | _cGE_BSU | ||
| 041 | _ageo | ||
| 080 | _a821.112.1-1 ნ-60 | ||
| 100 |
_aნიდერლე, ჰელმუტ ა. _918238 |
||
| 245 |
_aწმინდა მდინარე / _cჰელმუტ ა. ნიდერლე ; გერმ. თარგმნა დ. ბარბააძემ ; მხატვ. ა. მგალობლიშვილი. |
||
| 264 |
_aთბილისი : _b[?], _c2018. |
||
| 300 |
_a127გვ. ; _c22 სმ. |
||
| 500 | _aპარალელური სათაური ინგლისურ ენაზე | ||
| 520 | _aპარალ. სათ. ინგლ. | ||
| 541 | _h5 ლ. | ||
| 653 | _aავსტრიული პოეზია | ||
| 653 | _aწმინდა მდინარე | ||
| 700 |
_aბარბააძე, დ. _eმთარგმნელი _918239 |
||
| 700 |
_aმგალობლიშვილი, ა. _eმხატვარი _918240 |
||
| 942 |
_cBK _2udc |
||